| 000 | 00685nam a2200229Ia 4500 | ||
|---|---|---|---|
| 003 | GCL | ||
| 008 | 140319s9999 xx 000 0 ara d | ||
| 040 |
_aGCL / _cGCL |
||
| 082 | 0 | 4 |
_a808.82 _bك ا |
| 100 | 1 | _aكوير, جايلز | |
| 245 | 1 | 0 |
_aارض النفاق اوكل شئ فى الحديقة / _cكوير, جايلز |
| 700 | 1 | _aعلى احمد محمود | |
| 700 | 1 | _aمحمد اسماعيل الموافى | |
| 300 | _a207 ص | ||
| 490 |
_aمسرحيات عالمية _v0 |
||
| 650 | 0 | 4 | _aالادب |
| 650 | 0 | 4 | _aالمسرح |
| 650 | 0 | 4 | _aالمسرحيات |
| 650 | 0 | 4 | _aالدراما |
| 650 | 0 | 4 | _aالادب العالمى المترجم |
| 942 |
_2ddc _cBK |
||
| 999 |
_c40980 _d40980 |
||